000
00308nam a2200109Ia 4500
008
201231s9999 xx 000 0 und d
100
_a
Ramkant (Ed.)
245
0
_a
Indias partition : prelude & legacies. South Asia Studies Series. - 35.
260
_a
Jaipur
_b
Rawat Publications
300
_a
197
942
_c
BK
999
_c
9868
_d
9868